[Event "New Delhi Parsvnath op 8th"]
[Site "New Delhi"]
[Date "2010.01.19"]
[Round "8"]
[White "Saravana, Krishnan P"]
[Black "Swaraj, Palit"]
[Result "1-0"]
[WhiteElo "2323"]
[BlackElo "2129"]
[PlyCount "87"]
[EventDate "2010.01.14"]
[EventType "swiss"]
[EventRounds "11"]
[EventCountry "IND"]
[SourceTitle "CBM 134 Extra"]
[Source "ChessBase"]
[SourceDate "2010.03.03"]
[SourceVersion "1"]
[SourceVersionDate "2010.03.03"]
[SourceQuality "1"]

1. e4 c6 2. Nf3 d5 3. exd5 cxd5 4. Ne5 Nf6 5. d4 a6 6. Bd3 Nc6 7. c3 g6 8. 0-0 Bg7 9. Nxc6 bxc6 10. Qe2 0-0 11. Nd2 Bg4 12. f3 Bc8 13. f4 e6 14. b3 Qa5 15. b4 Qd8 16. Nb3 Nd7 17. Bd2 Re8 18. Kh1 f6 19. Qf2 Rf8 20. Qg3 e5 21. fxe5 fxe5 22. Na5 Rxf1+ 23. Rxf1 c5 24. Qf3 Nf8 25. Qf7+ Kh8 26. Nc6 Qd6 27. Nxe5 cxd4 28. Qe8 Kg8 29. Nc6 Bf6 30. Nxd4 Bb7 31. Qe3 a5 32. Qf2 axb4 33. Qxf6 Qxf6 34. Rxf6 Rxa2 35. Bh6 Ra1+ 36. Rf1 Rxf1+ 37. Bxf1 bxc3 38. Bxf8 Kxf8 39. Bd3 Ke7 40. Kg1 Kd6 41. Kf2 Kc5 42. Ke3 Kb4 43. g4 Kc5 44. g5 1-0

[Event "New Delhi Parsvnath op 7th"]
[Site "New Delhi"]
[Date "2009.01.11"]
[Round "2"]
[White "Swaraj, Palit"]
[Black "Sharma, Dinesh Kumar"]
[Result "0-1"]
[WhiteElo "2100"]
[BlackElo "2394"]
[PlyCount "42"]
[EventDate "2009.01.11"]
[EventType "swiss"]
[EventRounds "10"]
[EventCountry "IND"]
[SourceTitle "CBM 128 Extra"]
[Source "ChessBase"]
[SourceDate "2009.03.05"]
[SourceVersion "2"]
[SourceVersionDate "2009.03.25"]
[SourceQuality "1"]

1. d4 Nf6 2. c4 e6 3. Nc3 Bb4 4. a3 Bxc3+ 5. bxc3 c5 6. e3 0-0 7. Bd3 Nc6 8. Ne2 b6 9. 0-0 Ba6 10. e4 Ne8 11. e5 Rc8 12. f4 cxd4 13. cxd4 Na5 14. d5 Bxc4 15. d6 f6 16. Be3 fxe5 17. fxe5 Rxf1+ 18. Kxf1 Nxd6 19. Bxh7+ Kxh7 20. Qxd6 Qh4 21. Rc1 Qxh2 0-1

[Event "Wch U20 43rd"]
[Site "Cochin"]
[Date "2004.11.27"]
[Round "11"]
[White "Nitin, Senthilvel"]
[Black "Swaraj, Palit"]
[Result "0-1"]
[WhiteElo "2119"]
[BlackElo "2172"]
[PlyCount "92"]
[EventDate "2004.11.20"]
[EventType "swiss"]
[EventRounds "13"]
[EventCountry "IND"]
[SourceTitle "CBM 103 Extra"]
[Source "ChessBase"]
[SourceDate "2005.01.01"]
[SourceVersion "1"]
[SourceVersionDate "2005.01.01"]
[SourceQuality "1"]

1. e4 e5 2. Nf3 Nc6 3. Nc3 Nf6 4. d4 exd4 5. Nxd4 Bb4 6. Nxc6 bxc6 7. Bd3 0-0 8. 0-0 d5 9. exd5 cxd5 10. Bg5 c6 11. Ne2 h6 12. Bh4 Bg4 13. c3 Be7 14. Qa4 Bxe2 15. Bxe2 Qb6 16. Qc2 Rfe8 17. Bd3 Nh5 18. Bxe7 Rxe7 19. Qd2 Rae8 20. a4 c5 21. a5 Qb8 22. Rfe1 c4 23. Rxe7 Rxe7 24. Bf1 Nf6 25. Rb1 Rb7 26. Qc2 Rb5 27. a6 Rb6 28. Qf5 Rxa6 29. b4 Qe8 30. Rd1 Ra3 31. Qc2 Qe5 32. Rc1 Ne4 33. Qb2 Rxc3 34. Rd1 f6 35. b5 Qd6 36. Rd4 Qe5 37. Rd1 Rb3 38. Qxe5 fxe5 39. Rxd5 Rb1 40. f3 c3 41. fxe4 c2 42. Rc5 c1Q 43. Rxc1 Rxc1 44. Kf2 Rc2+ 45. Be2 Kf7 46. Ke3 Ra2 0-1

[Event "Wch U20 43rd"]
[Site "Cochin"]
[Date "2004.11.20"]
[Round "1"]
[White "Jianu, Vlad Cristian"]
[Black "Swaraj, Palit"]
[Result "1/2-1/2"]
[WhiteElo "2444"]
[BlackElo "2172"]
[PlyCount "145"]
[EventDate "2004.11.20"]
[EventType "swiss"]
[EventRounds "13"]
[EventCountry "IND"]
[SourceTitle "CBM 103 Extra"]
[Source "ChessBase"]
[SourceDate "2005.01.01"]
[SourceVersion "1"]
[SourceVersionDate "2005.01.01"]
[SourceQuality "1"]

1. d4 Nf6 2. c4 e6 3. Nf3 b6 4. g3 Bb4+ 5. Bd2 Be7 6. Nc3 Bb7 7. Bg2 0-0 8. 0-0 Ne4 9. d5 Nxd2 10. Qxd2 Bf6 11. Rfd1 Bxc3 12. Qxc3 d6 13. dxe6 fxe6 14. Qe3 Re8 15. Bh3 Bxf3 16. Bxe6+ Kh8 17. Qxf3 Nd7 18. Bh3 Ne5 19. Qc3 Qf6 20. Bg2 Rad8 21. h3 Nf7 22. Qxf6 gxf6 23. Kf1 Re5 24. Rd4 Rde8 25. e3 Kg7 26. Rad1 Nh6 27. R1d3 Nf5 28. Rg4+ Kf8 29. Rf4 Kg7 30. Bc6 R8e7 31. b4 a5 32. a3 h5 33. Bd5 axb4 34. axb4 Kg6 35. Ra3 Nh6 36. Rd4 Nf5 37. Rdd3 Rg7 38. Ra8 Nh6 39. Ke2 f5 40. Rda3 h4 41. f4 Ree7 42. gxh4 Kh5 43. Rf8 Rg3 44. Rf6 Rh7 45. Ra7 Rxh3 46. Rxd6 Kxh4 47. Rxc7 Rxc7 48. Rxh6+ Kg3 49. Rg6+ Kh4 50. Rh6+ Kg3 51. Rg6+ Kh4 52. Rxb6 Rh2+ 53. Kf3 Rh3+ 54. Kf2 Rh2+ 55. Bg2 Rxc4 56. Rh6+ Kg4 57. Rxh2 Rc2+ 58. Kg1 Kg3 59. Rh3+ Kg4 60. Rh8 Rxg2+ 61. Kf1 Rb2 62. Re8 Kf3 63. Ke1 Re2+ 64. Kd1 Rb2 65. Re5 Rxb4 66. Kc2 Rc4+ 67. Kd3 Rc8 68. Kd4 Rd8+ 69. Rd5 Re8 70. Rxf5 Rxe3 71. Re5 Ra3 72. f5 Ra4+ 73. Kd5 1/2-1/2